Sight to City: Oceania [pic] - Statistics

General Stats
  • This quiz has been taken 5 times
  • The average score is 4 of 16
Answer Stats
Picture Hint Answer % Correct
Fiji Museum Suva
75%
One Tree Hill Auckland
50%
Flinders Street railway station Melbourne
50%
Tonga Royal Palace Nuku'alofa
50%
Lone Pine Koala Sanctuary Brisbane
25%
National Bank of Tuvalu Funafuti
25%
Surfers Paradise Beach Gold Coast
25%
Sri Siva Subramaniya Temple Nadi
25%
Palau Capitol Complex Ngerulmud
25%
The Bucket Fountain Wellington
25%
Thebarton Theatre Adelaide
0%
Skyrail Rainforest Cableway Cairns
0%
Latte Stone Park Hagåtña
0%
Museum of Old and New Art (MONA) Hobart
0%
Centre of New Zealand Monument Nelson
0%
Wirin @ Yagan Square Perth
0%
No matching quizzes found
Score Distribution
Percent of People with Each Score
Percentile by Number Answered
Your Score History
You have not taken this quiz